000 00455cam a2200181ua 4500
003 OSt
008 241030b |||||||| |||| 00| 0 eng d
020 _a0 85139 209 1
041 _aeng
082 _a621.47
_bHOL/EN
100 _aHolm, Dieton .
_96335
245 _aEnergy conservation in hot climates /
250 _a1 /
260 _aLondon :
_bThe Architectural press ,
_c1983.
300 _a120 ; .
500 _a** Reference
942 _cBK
999 _c10173
_d10173